000 00579nam a2200265Ia 4500
005 20260306163436.0
008 008 260114s9999 xx 000 0 eng d
020 _a9780262320559
037 _aEBOOK
040 _aCRL
040 _beng
040 _cCRL
041 _2eng
041 _aeng
084 _qCRL
100 _aLegate
_91128637
245 0 _aVoice And V
260 _bThe MIT Press
260 _c2015
650 _aLinguistics
856 _uhttps://academic.oup.com/book/13820
942 _cEBOOK
999 _c1710118
_d1710118